| 000 | 00628nam a2200181 i 4500 | ||
|---|---|---|---|
| 001 | 69919 | ||
| 003 | ES-MaACL | ||
| 005 | 20240505063022.0 | ||
| 007 | t| | ||
| 008 | 040713s1972 sp ||||1| spa d | ||
| 100 | 0 |
_aGarcía Lorenzo, Luciano, _d1943- _954861 |
|
| 245 | 1 | 3 |
_aEl tema del Conde Alarcos _b: del romancero a Jacinto Grau / _cLuciano García Lorenzo. |
| 260 |
_aMadrid : _b[Instituto Miguel de Cervantes de Filología Hispánica], _c1972. |
||
| 300 |
_a229 p., 3 lám. ; _c25 cm. |
||
| 710 | 2 |
_aInstituto "Miguel de Cervantes" _95133 |
|
| 852 |
_aES-MaACL _jC-50243 _bR.85108 |
||
| 999 |
_c69919 _d69919 |
||